000
00321nam a2200133Ia 4500
008
190722s9999 xx 000 0 und d
020
_a
978-0-19-940183-3
100
_a
S.Akbar Zaidi
245
0
_a
Issues in Pakistan Economy
250
_a
3rd
260
_a
Karachi
_b
Oxford Press
_c
2015
300
_a
836
942
_c
BK
999
_c
1183
_d
1183